The vision and innovation of the 21st Century Museum of Contemporary Art, Kanazawa (Record no. 551)
[ view plain ]
| 000 -LEADER | |
|---|---|
| campo de control de longitud fija | 00562nam a22001337a 4500 |
| 008 - DATOS DE LONGITUD FIJA--INFORMACIÓN GENERAL | |
| campo de control de longitud fija | 150424b xxu||||| |||| 00| 0 eng d |
| 082 ## - NÚMERO DE LA CLASIFICACIÓN DECIMAL DEWEY | |
| Número de clasificación | 069 |
| Número de ítem | K 62v |
| 100 ## - ENTRADA PRINCIPAL--NOMBRE DE PERSONA | |
| Nombre de persona | Kiyoshi, Kusumi (editor) |
| 9 (RLIN) | 2520 |
| 245 ## - MENCIÓN DEL TÍTULO | |
| Título | The vision and innovation of the 21st Century Museum of Contemporary Art, Kanazawa |
| Resto del título | A Museum for the New Century |
| Mención de responsabilidad, etc. | Kiyoshi, Kusumi (editor) |
| 260 ## - PUBLICACIÓN, DISTRIBUCIÓN, ETC. | |
| Lugar de publicación, distribución, etc. | Japan |
| Nombre del editor, distribuidor, etc. | Noto Printing Co. |
| Fecha de publicación, distribución, etc. | 2004 |
| 300 ## - DESCRIPCIÓN FÍSICA | |
| Extensión | 127 p. |
| Otras características físicas | ill. (col) |
| Dimensiones | 20.5x26 |
| 650 ## - PUNTO DE ACCESO ADICIONAL DE MATERIA--TÉRMINO DE MATERIA | |
| Subdivisión general | Museologia-General |
| -- | Museo de arte contemporaneo de Kanazawa, Japón |
| 9 (RLIN) | 2521 |
| 700 ## - ENTRADA AGREGADA--NOMBRE PERSONAL | |
| Nombre de persona | Kusumi Kiyoshi (editor) |
| 9 (RLIN) | 2522 |
| Estatus retirado | Estado de pérdida | Fuente del sistema de clasificación o colocación | Estado de daño | No para préstamo | Biblioteca de origen | Biblioteca actual | Ubicación en estantería | Fecha de adquisición | Total de préstamos | Signatura topográfica completa | Código de barras | Visto por última vez | Precio de reemplazo | Tipo de ítem Koha |
|---|---|---|---|---|---|---|---|---|---|---|---|---|---|---|
| Clasificación Decimal Dewey | Biblioteca LadoV | Biblioteca LadoV | 24/04/2015 | 069 K 62v | 000293 | 24/04/2015 | 24/04/2015 | Material 01 |
